000 00680nam a2200229Ii 4500
003 JO-AjNU
008 230605s9999||||xx |||||||||||||| ||und||
017 _a1996/10586
020 _a977-01-4990
040 _aJO-AjNU
_bara
_erda
_cJO-AjNU
041 _aara
050 1 4 _aQB32.5 1969
100 3 _aاحمد ، امام ابراهيم,
_eauthor
_915666
245 0 0 _aعالم الافلاك
264 3 1 _aالقاهرة:الهيئه المصريه ،1969
300 _a174ص
336 _atext
_btxt
_2rdacontent
337 _aunmediated
_bn
_2rdamedia
338 _avolume
_bnc
_2rdacarrier
490 0 _aسلسلة العلم والحياه
650 4 _aالفلك
_915667
999 _aA4476
_c8044
_d8044